000 00546nam a2200217Ia 4500
003 OSt
005 20220928140702.0
006 a|||||r|||| 00| 0
007 ta
008 220927b |||||||| |||| 00| 0 eng d
024 _a11034
037 _cTextual
040 _aSDCL
_cSDCL
_beng
041 _2eng
_aeng
082 _aO-,3M57:g(U8), F6
100 _aJean-Aubry G
_9497011
245 0 _aJoseph Conrad in the Congo.
260 _c1926
942 _hO-,3M57:g(U8), F6
_cTEXL
_2CC
999 _c813479
_d813479